LDR 01275naa#a2200193#i#450# 001 RU\\bibl\120213 005 20260603084310.3 011 ## _a2500-4026 100 ## _a20230630b2023####ek#y0rusy0150####ca 101 0# _aRUS 102 ## _aRU 200 1# _aСОВЕРШЕНСТВОВАНИЕ УПРАВЛЕНИЯ МАТЕРИАЛЬНЫМИ РЕСУРСАМИ СИЛ ЛИКВИДАЦИИ ЧРЕЗВЫЧАЙНЫХ СИТУАЦИЙ В ЗОНЕ РАДИАЦИОННОЙ АВАРИИ _eЖурнальная статья 210 1# _aЖелезногорск _cФГБОУ ВО Сибирская пожарно-спасательная академия ГПС МЧС России _d2023 215 ## _a9 с. 608 ## _aЖурнальная статья _2local 675 ## _aОбщая экология. Биоценология. Гидробиология. Биогеография. 574 _aНесчастные случаи, их опасность, профилактика и борьба с ними. 614.8 _aЗащита от производственных (профессиональных) и прочих вредностей (Промышленная санитария). 628.5 _zRUS 700 #1 _aЗаворотный _gА Г 700 #1 _aБобров _gА И 856 4# _avestnik-sibpsa.editorum.ru _u